| 000 | 00655nam a2200193 i 4500 | ||
|---|---|---|---|
| 001 | 69068 | ||
| 003 | ES-MaACL | ||
| 005 | 20230906170427.0 | ||
| 007 | t| | ||
| 008 | 040908s2003 sp ||||1| spa d | ||
| 080 | _a792.54(460.27 M.)"19" | ||
| 245 | 0 | 0 |
_a40 años de ópera _b: de la Zarzuela al Real / _cAmigos de la Opera de Madrid. |
| 260 |
_aMadrid : _bAsociación de Amigos de la Opera de Madrid, _c[2003] |
||
| 300 |
_a277 p. : _bil. col. ; _c31 cm. |
||
| 650 | 4 |
_aÓpera- _zMadrid- _yS.XX. _915713 |
|
| 710 | 2 |
_aAsociación de Amigos de la Ópera de Madrid. _91555 |
|
| 740 | 0 | _aCuarenta años de ópera. | |
| 852 |
_aES-MaACL _jL-28034 _bR.133838 |
||
| 999 |
_c69068 _d69068 |
||